Břidlice v nové roli
Fakty a mýty o plyne z hornín, ktorý má byť viac využívaným netradičným zdrojom energie a znižovať závislosť na dovoze zemného plynu.
Enregistré dans:
| Auteur principal: | |
|---|---|
| Format: | Chapitre de livre |
| Langue: | tchèque |
| Sujets: | |
| Tags: |
Pas de tags, Soyez le premier à ajouter un tag!
|
MARC
| LEADER | 00000naa a2200000 4500 | ||
|---|---|---|---|
| 001 | 0128341 | ||
| 005 | 20221207082132.5 | ||
| 041 | 0 | |a cze | |
| 044 | |a CZ | ||
| 245 | 1 | 0 | |a Břidlice v nové roli |c Hugo Kysilka |
| 520 | |a Fakty a mýty o plyne z hornín, ktorý má byť viac využívaným netradičným zdrojom energie a znižovať závislosť na dovoze zemného plynu. | ||
| 610 | 2 | 0 | |a politika energetická |
| 610 | 2 | 0 | |a plyn zemný |
| 610 | 2 | 0 | |a spotreba energie |
| 610 | 2 | 0 | |a uhlie |
| 610 | 2 | 0 | |a ochrana prostredia životného |
| 100 | 1 | |a Kysilka, Hugo | |